000 00722nam a2200289Ia 4500
005 20260324141616.0
008 008 260324s9999 xx 000 0 eng d
020 _a9780203825365
037 _aEBOOK
040 _aCRL
040 _beng
040 _cCRL
041 _2eng
041 _aeng
084 _qCRL
100 _aRichard Pankhurst
_91208828
245 0 _aEthiopia Photographed
245 0 _bHistoric Photographs of the Country and its People Taken Between 1867 and 1935
260 _bTaylor and Francis
260 _c1996
365 _a
365 _b350
856 _uhttp://www.taylorfrancis.com/books/9780203825365
942 _cEBOOK
999 _c1812110
_d1812110